000
00498nam a2200157Ia 4500
008
100204s9999 xx 000 0 und d
082
_b
835
100
_a
चेस जेम्स हेडले
245
_a
तडीपार
260
_b
"मनोरंजन प्रकाशन , मुंबई"
_c
1979
300
_a
172
630
_a
तडीपार
700
_a
आपटे वामन शिवराम
730
_a
तडीपार
942
_c
BOOK
999
_c
446030
_d
446027